Państwa z największą liczbą kolorów A-Z - Statystyki

Ogólne statystyki
  • Ten quiz został rozwiązany 19 razy
  • Średni wynik to 21 z 23
Statystyki odpowiedzi
Obrazkowy Hint Odpowiedź % Poprawnych
I: 4 Indie / Irak
100%
R: 6 Republika Południowej Afryki
100%
A: 4 Andora
94%
B: 7 Belize
94%
C: 4 Chorwacja / Czarnogóra
94%
D: 6 Dominika
94%
E: 7 Ekwador
94%
F: 6 Fidżi
94%
H: 7 Hiszpania
94%
J: 4 Jordania
94%
K: 5 Kenia / Komory
94%
L: 4 Lesotho / Libia / Liechtenstein
94%
Ł: 2 Łotwa
94%
N: 9 Nikaragua
94%
O: 4 Oman
94%
S: 6 San Marino
94%
U: 4 Uganda / Uzbekistan
94%
V: 4 Vanuatu
94%
W: 5 Watykan
94%
Z: 5 Zimbabwe
94%
M: 5 Meksyk
88%
P: 6 Paragwaj
88%
T: 5 Tuvalu
29%
Nie znaleziono quizów pasujących do podanych kryteriów
Rozkład punktacji
Procent ludzi z każdym wynikiem
Percentyl według liczby udzielonych odpowiedzi
Twoja historia wyników
Nie rozwiązałeś tego quizu